000
00281nam a22001217a 4500
999
_c
153966
_d
153966
082
_a
_b
100
_a
Sundaram N
245
_a
Rgveda sookthangal/
_c
by Sundaram N.
260
_a
Thiruvananthapuram:
_b
University of Kerala,
_c
2003.
300
_a
91p.
650
_a
942
_c
BK